Revolución en Guatemala: campesinos y políticos durante el gobierno de Arbenz /

में बचाया:
ग्रंथसूची विवरण
मुख्य लेखक: Wasserstrom, Robert
स्वरूप: मूलपाठ
भाषा:Spanish
विषय:
टैग: टैग जोड़ें
कोई टैग नहीं, इस रिकॉर्ड को टैग करने वाले पहले व्यक्ति बनें!

MARC

LEADER 00000 a a2200000 04500
001 43414
003 cru CRAI/IIS
005 20210506100628.0
008 210506b |||||||| |||| 00| 0 spa d
040 |c cru CRAI/IIS 
100 1 |a Wasserstrom, Robert  
245 1 |a Revolución en Guatemala:   |b campesinos y políticos durante el gobierno de Arbenz /  |c Robert Wasserstrom  
500 |a Colección Centroamérica 
650 |a AMERINDIOS  
650 |a GUATEMALA  
650 |a MOVIMIENTOS SOCIALES  
650 |a TENENCIA DE LA TIERRA  
773 |g volumen6, número18 ( , 1977), páginas 25-64  
773 0 |0 18875  |9 5407  |a Universidad de Costa Rica.  |d San José, Costa Rica: Universidad de Costa Rica. Consejo Superior Universitario Centroamericano, 1972-  |o 14018  |t Estudios Sociales Centroamericanos /  |x 03039676 
942 |2 ddc  |c PP 
999 |c 27172  |d 27172